Հայկական սովետական գրականություն = (Record no. 79310)
[ view plain ]
| 000 -LEADER | |
|---|---|
| fixed length control field | 01205nam a2200265 a 4500 |
| 001 - CONTROL NUMBER | |
| control field | 000225529 |
| 003 - CONTROL NUMBER IDENTIFIER | |
| control field | AM-YeHGA |
| 005 - DATE AND TIME OF LATEST TRANSACTION | |
| control field | 20250618071536.0 |
| 008 - FIXED-LENGTH DATA ELEMENTS--GENERAL INFORMATION | |
| fixed length control field | 030515s1941 ai |||||r|||q|000|0|arm|d |
| 040 ## - CATALOGING SOURCE | |
| Original cataloging agency | AM-YeHGA |
| 041 0# - LANGUAGE CODE | |
| Language code of text/sound track or separate title | arm |
| 090 ## - LOCALLY ASSIGNED LC-TYPE CALL NUMBER (OCLC); LOCAL CALL NUMBER (RLIN) | |
| -- | 80577 |
| 245 00 - TITLE STATEMENT | |
| Title | Հայկական սովետական գրականություն = |
| Remainder of title | Библиография армянской советской литературы: Բիբլիոգրաֆիա / |
| Statement of responsibility, etc. | Կազմ.՚ Հ. Պետրոսյան, Վ. Կարմենյան, Գ. Հովակիմյան ; ՀՍՍՌ պետ. գրապալատ. |
| 246 31 - VARYING FORM OF TITLE | |
| Title proper/short title | Библиография армянской советской литературы |
| 260 ## - PUBLICATION, DISTRIBUTION, ETC. | |
| Place of publication, distribution, etc. | Երևան : |
| Name of publisher, distributor, etc. | Ա. հ., |
| Date of publication, distribution, etc. | 1941. |
| 300 ## - PHYSICAL DESCRIPTION | |
| Extent | պրակ |
| 500 ## - GENERAL NOTE | |
| General note | Անվանացանկ՚ էջ 109-111 |
| 504 ## - BIBLIOGRAPHY, ETC. NOTE | |
| Bibliography, etc. note | Մատենագիտ.՚ էջ 111, 112 |
| 505 10 - FORMATTED CONTENTS NOTE | |
| Miscellaneous information | Պրակ 1 (1941, 112 էջ) : |
| Title | Արձակագիրներ |
| 650 14 - SUBJECT ADDED ENTRY--TOPICAL TERM | |
| Topical term or geographic name entry element | Մատենագիտություն |
| 700 1# - ADDED ENTRY--PERSONAL NAME | |
| Personal name | Պետրոսյան, Հովհաննես, |
| Dates associated with a name | 1892-1961 |
| Relator term | կազմ. |
| Relationship | com |
| 9 (RLIN) | 1451 |
| 700 1# - ADDED ENTRY--PERSONAL NAME | |
| Personal name | Հովակիմյան, Գ. |
| Relator term | կազմ. |
| Relationship | com |
| 710 2# - ADDED ENTRY--CORPORATE NAME | |
| Corporate name or jurisdiction name as entry element | Հայկական ՍՍՌ պետական գրապատալ |
| 942 ## - ADDED ENTRY ELEMENTS (KOHA) | |
| Source of classification or shelving scheme | Universal Decimal Classification |
| Koha item type | Գրքեր / Books |
| Withdrawn status | Lost status | Damaged status | Not for loan | Collection | Home library | Current library | Date acquired | Serial enumeration / chronology | Total checkouts | Full call number | Barcode | Date last seen | Cost, replacement price | Price effective from | Koha item type | Public note |
|---|---|---|---|---|---|---|---|---|---|---|---|---|---|---|---|---|
| General | Fundamental Scientific Library | Fundamental Scientific Library | 22/12/2016 | Պրակ 1 | AII/4665 | FL0023943 | 22/12/2016 | 3.00 | 22/12/2016 | Գրքեր / Books | 30 Days Loan | |||||
| General | Fundamental Scientific Library | Fundamental Scientific Library | 22/12/2016 | Պրակ 1 | AII/4666 | FL0023944 | 22/12/2016 | 3.00 | 22/12/2016 | Գրքեր / Books | 30 Days Loan | |||||
| General | Fundamental Scientific Library | Fundamental Scientific Library | 22/12/2016 | Պրակ 1 | AII/4667 | FL0023945 | 22/12/2016 | 3.00 | 22/12/2016 | Գրքեր / Books | 30 Days Loan | |||||
| General | Fundamental Scientific Library | Fundamental Scientific Library | 22/12/2016 | Պրակ 1 | AII/4668 | FL0023946 | 22/12/2016 | 3.00 | 22/12/2016 | Գրքեր / Books | 30 Days Loan |
ՀՀ Գիտությունների ազգային ակադեմիայի հիմնարար գիտական գրադարան = Fundamental Scientific Library of NAS RA
All site content, except where otherwise noted, is licensed under a